| 000 | 00632cam a2200229 4500 | ||
|---|---|---|---|
| 001 | B1561 | ||
| 008 | 090401t1985 xxu||||| |||| 00| 0 eng d | ||
| 035 | _a(Sirsi) u45219 | ||
| 041 | _aeng | ||
| 050 | _a333.33709421 | ||
| 110 |
_aJones Lang Wootton _92909 |
||
| 245 | _aOffice development in Greater London outside the central area ... annual survey 1985 | ||
| 260 |
_aLondon _bJones Lang Wootton _c1985 |
||
| 300 | _a(49)leaves : ill.,maps ; 30cm. | ||
| 350 | _a0 | ||
| 490 | _aJones Lang Wootton Technical Paper | ||
| 650 | _aFLOORSPACE | ||
| 650 | _aLONDON | ||
| 650 | _aOFFICES | ||
| 942 | _n0 | ||
| 948 | _c04/03/1997 | ||
| 999 |
_c91661 _d91661 |
||